Geography Quiz

Random Geography or State Quiz

US States with Lots of Breweries Quiz Stats

 Plays Quiz not verified by Sporcle

Challenge
Share
Tweet
Embed
Score 0/20 Timer 02:00
0 Plays Today
US State % Correct
California
94.9%
New York
85.2%
Oregon
80.1%
Oregon
80.1%
Wisconsin
79.7%
Wisconsin
79.7%
Washington
79.4%
Washington
79.4%
Colorado
76.6%
Colorado
76.6%
US State % Correct
Michigan
70.9%
Illinois
69.4%
Pennsylvania
68.5%
Ohio
67.5%
Vermont
64.4%
Maine
60%
Montana
54.3%
Wyoming
48.5%
Alaska
47.6%
Delaware
37.2%

You're not logged in!

Compare scores with friends on all Sporcle quizzes.
Join for Free
OR
Log In

You Might Also Like...

Show Comments

Extras

Created May 5, 2010SourceReportNominate
Tags:State Quiz, brewery

Top Quizzes Today


Score Distribution

Your Account Isn't Verified!

In order to create a playlist on Sporcle, you need to verify the email address you used during registration. Go to your Sporcle Settings to finish the process.

Report this User

Report this user for behavior that violates our Community Guidelines.

Details: